[Event "ISR-chT"]
[Site "Israel"]
[Date "1996.??.??"]
[Round "5"]
[White "Liberzon, Vladimir Mikhailovi"]
[Black "Zak, Uriel"]
[Result "1/2-1/2"]
[WhiteElo "2435"]
[BlackElo "2405"]
[PlyCount "56"]
[EventDate "1996.??.??"]
[EventType "team"]
[EventRounds "11"]
[EventCountry "ISR"]
[SourceTitle "CBM 052 Extra"]
[Source "ChessBase"]
[SourceDate "1996.07.01"]
[SourceVersion "1"]
[SourceVersionDate "1996.07.01"]
[SourceQuality "1"]

1. e4 e5 2. Nf3 Nc6 3. Bb5 a6 4. Ba4 Nf6 5. 0-0 Nxe4 6. d4 b5 7. Bb3 d5 8. dxe5 Be6 9. c3 Bc5 10. Qe2 0-0 11. Be3 Qe7 12. Nbd2 Bxe3 13. Qxe3 Nxd2 14. Qxd2 Na5 15. Bc2 Nc4 16. Qf4 Nxb2 17. Ng5 h6 18. Nh7 Rfd8 19. Rfe1 Nc4 20. Rad1 Na3 21. Nf6+ Kf8 22. Bf5 Nc4 23. Bxe6 Qxe6 24. g4 c5 25. g5 hxg5 26. Qxg5 d4 27. Nh7+ Kg8 28. Nf6+ Kf8 1/2-1/2

[Event "ISR-chT"]
[Site "Israel"]
[Date "1996.??.??"]
[Round "7"]
[White "Tseitlin, Mark D"]
[Black "Liberzon, Vladimir Mikhailovi"]
[Result "1/2-1/2"]
[WhiteElo "2545"]
[BlackElo "2435"]
[PlyCount "100"]
[EventDate "1996.??.??"]
[EventType "team"]
[EventRounds "11"]
[EventCountry "ISR"]
[SourceTitle "CBM 052 Extra"]
[Source "ChessBase"]
[SourceDate "1996.07.01"]
[SourceVersion "1"]
[SourceVersionDate "1996.07.01"]
[SourceQuality "1"]

1. e4 c5 2. Nf3 e6 3. Nc3 Nc6 4. Bb5 Nge7 5. 0-0 a6 6. Bxc6 Nxc6 7. d4 cxd4 8. Nxd4 d6 9. Nxc6 bxc6 10. Qg4 g6 11. e5 d5 12. Bg5 Be7 13. Bh6 Rb8 14. b3 Rb4 15. f4 f5 16. Qh3 Kf7 17. Kh1 c5 18. Rad1 Bb7 19. a3 Rb6 20. Ne2 a5 21. Ng1 d4 22. Nf3 Bxf3 23. Rxf3 Qd5 24. Rfd3 Qe4 25. Qg3 Qe2 26. Bg5 Qg4 27. Qe1 Bxg5 28. fxg5 Ra8 29. Qd2 Kg8 30. Re1 Rb7 31. h3 Qh4 32. Rf3 Rf7 33. Rf4 Qxg5 34. Rxd4 Qxd2 35. Rxd2 a4 36. Re3 Rb7 37. bxa4 Rxa4 38. Rd8+ Kg7 39. Rc8 Rc4 40. Rb3 Rd7 41. Rd3 Ra7 42. Rc6 Rxc2 43. Rxe6 c4 44. Re3 Rc7 45. Rd6 Kf7 46. Rd8 c3 47. e6+ Ke7 48. Rh8 Kf6 49. Rf8+ Kg7 50. Rd8 Kf6 1/2-1/2

[Event "EU-Cup 09th Group7"]
[Site "Barcelona"]
[Date "1993.10.02"]
[Round "2"]
[White "Liberzon, Vladimir Mikhailovi"]
[Black "Sharif, Mershad"]
[Result "1/2-1/2"]
[WhiteElo "2445"]
[BlackElo "2425"]
[PlyCount "84"]
[EventDate "1993.10.01"]
[EventType "team-k.o."]
[EventRounds "3"]
[EventCountry "ESP"]
[SourceTitle "EXT 2020"]
[Source "ChessBase"]
[SourceDate "2019.10.17"]
[SourceVersion "1"]
[SourceVersionDate "2019.10.17"]
[SourceQuality "1"]
[WhiteTeam "Tel Aviv ASA Phoenix"]
[BlackTeam "Lyon Oyonnax Echecs"]
[WhiteTeamCountry "ISR"]
[BlackTeamCountry "FRA"]

1. e4 e5 2. Nf3 Nc6 3. Bb5 a6 4. Ba4 Nf6 5. 0-0 Be7 6. Re1 b5 7. Bb3 d6 8. c3 0-0 9. h3 Be6 10. d4 Bxb3 11. axb3 exd4 12. Nxd4 Qd7 13. Bg5 Rfe8 14. Nd2 h6 15. Bh4 Nxd4 16. cxd4 c5 17. Nf3 Qb7 18. dxc5 dxc5 19. Qc2 Nd7 20. Rad1 Bf8 21. e5 Re6 22. Qd2 Nb6 23. Nh2 c4 24. b4 Na4 25. f4 Qc7 26. Bd8 c3 27. bxc3 Qxc3 28. Qd5 Qc6 29. Ba5 Qxd5 30. Rxd5 Nb6 31. Rd3 Nc4 32. Nf3 Nxa5 33. bxa5 Bb4 34. Ra1 Ree8 35. Kf1 Red8 36. Rb3 Be7 37. Rc3 Rac8 38. Rac1 Rxc3 39. Rxc3 Bb4 40. Rb3 Bxa5 41. Ra3 Bd2 42. Nxd2 Rxd2 1/2-1/2

[Event "EU-chT (Men) 09th"]
[Site "Haifa"]
[Date "1989.??.??"]
[Round "6.3"]
[White "Blatny, Pavel"]
[Black "Liberzon, Vladimir Mikhailovi"]
[Result "1-0"]
[WhiteElo "2470"]
[BlackElo "2480"]
[PlyCount "97"]
[EventDate "1989.11.23"]
[EventType "team-swiss"]
[EventRounds "9"]
[EventCountry "ISR"]
[SourceTitle "EU-chT"]
[Source "ChessBase"]
[SourceDate "1999.07.01"]
[SourceVersion "2"]
[SourceVersionDate "1999.07.01"]
[SourceQuality "1"]
[WhiteTeam "Czechoslovakia"]
[BlackTeam "Israel"]
[WhiteTeamCountry "CSR"]
[BlackTeamCountry "ISR"]

1. Nf3 g6 2. e4 Bg7 3. d4 d6 4. Nc3 Nf6 5. Be2 0-0 6. 0-0 c6 7. a4 a5 8. Bf4 Nbd7 9. Qd2 e5 10. dxe5 dxe5 11. Nxe5 Nxe4 12. Nxe4 Nxe5 13. Qxd8 Rxd8 14. Bg5 Re8 15. Nd6 Re6 16. Rad1 h6 17. Bd8 c5 18. Bb5 Nc6 19. Nc4 Bd7 20. Bc7 Be8 21. Nb6 Ra7 22. Bc4 Bxb2 23. Bxe6 fxe6 24. Rfe1 Nd4 25. Rd3 g5 26. Bb8 Ra6 27. Nc4 Bxa4 28. Nxb2 Bxc2 29. Rd2 a4 30. Be5 Bf5 31. Bxd4 cxd4 32. Ra1 b5 33. Rxd4 a3 34. Nd3 Kf7 35. g4 Bh7 36. Rd7+ Kg6 37. Rb7 Ra5 38. Ne5+ Kf6 39. Nd7+ Ke7 40. Nf8+ Kxf8 41. Rxh7 a2 42. Rb7 Ke8 43. Kf1 Kd8 44. Ke2 Kc8 45. Re7 b4 46. Rxe6 b3 47. Rb6 Ra3 48. Kd2 Kc7 49. Rb4 1-0

[Event "EU-chT (Men) 09th"]
[Site "Haifa"]
[Date "1989.??.??"]
[Round "8.3"]
[White "Inkiov, Ventzislav"]
[Black "Liberzon, Vladimir Mikhailovi"]
[Result "1/2-1/2"]
[WhiteElo "2475"]
[BlackElo "2480"]
[PlyCount "102"]
[EventDate "1989.11.23"]
[EventType "team-swiss"]
[EventRounds "9"]
[EventCountry "ISR"]
[SourceTitle "EU-chT"]
[Source "ChessBase"]
[SourceDate "1999.07.01"]
[SourceVersion "2"]
[SourceVersionDate "1999.07.01"]
[SourceQuality "1"]
[WhiteTeam "Bulgaria"]
[BlackTeam "Israel"]
[WhiteTeamCountry "BUL"]
[BlackTeamCountry "ISR"]

1. d4 Nf6 2. c4 g6 3. Nc3 Bg7 4. Nf3 0-0 5. Bg5 d6 6. e3 Nbd7 7. Qc2 c6 8. Rd1 a6 9. Be2 b5 10. 0-0 bxc4 11. Bxc4 c5 12. Bxf6 Bxf6 13. Ne4 cxd4 14. Bd5 Rb8 15. Nxd4 Bxd4 16. exd4 Nb6 17. Bb3 Bf5 18. Qe2 Bxe4 19. Qxe4 d5 20. Qf4 Nc4 21. Rd3 Qd6 22. Qh4 f5 23. Re1 Rf7 24. h3 e6 25. Re2 Rb6 26. Rc3 Rc7 27. Rxe6 Qxe6 28. Qd8+ Kg7 29. Qxc7+ Kh6 30. Qf4+ Kg7 31. Qc1 Qe2 32. Bxc4 dxc4 33. Rxc4 Rxb2 34. Rc7+ Kf6 35. Qf4 Qe1+ 36. Kh2 Qxf2 37. Rc6+ Kg7 38. Qg5 Rb7 39. d5 Qd4 40. d6 h6 41. Qc1 Rd7 42. Rxa6 Rxd6 43. Rxd6 Qxd6+ 44. Kh1 Qe5 45. a4 g5 46. Qd1 h5 47. Qd7+ Kg6 48. Qc6+ Kf7 49. Qb7+ Ke6 50. Qb6+ Kd7 51. Qb4 g4 1/2-1/2

[Event "GMA Baleares op"]
[Site "Palma de Mallorca"]
[Date "1989.??.??"]
[Round "9"]
[White "Liberzon, Vladimir Mikhailovi"]
[Black "Spassov, Liuben"]
[Result "1/2-1/2"]
[WhiteElo "2480"]
[BlackElo "2370"]
[PlyCount "42"]
[EventDate "1989.12.??"]
[EventType "swiss"]
[EventRounds "9"]
[EventCountry "ESP"]
[SourceTitle "TD"]
[Source "ChessBase"]
[SourceDate "1994.03.01"]
[SourceVersion "1"]
[SourceVersionDate "1994.03.01"]
[SourceQuality "1"]

1. e4 c5 2. Nf3 e6 3. d4 cxd4 4. Nxd4 a6 5. Bd3 Nf6 6. 0-0 Qc7 7. Qe2 d6 8. b3 Nbd7 9. c4 g6 10. Bb2 Bg7 11. Nd2 0-0 12. Rac1 b6 13. Bb1 Bb7 14. b4 Rfe8 15. N2b3 Rac8 16. f3 Qb8 17. Qf2 Rc7 18. Rc3 Rec8 19. Rfc1 Bf8 20. a3 d5 21. cxd5 Rxc3 1/2-1/2

[Event "EU-chT (Men) 09th"]
[Site "Haifa"]
[Date "1989.??.??"]
[Round "7.3"]
[White "Liberzon, Vladimir Mikhailovi"]
[Black "Tatai, Stefano"]
[Result "1/2-1/2"]
[WhiteElo "2480"]
[BlackElo "2385"]
[PlyCount "75"]
[EventDate "1989.11.23"]
[EventType "team-swiss"]
[EventRounds "9"]
[EventCountry "ISR"]
[SourceTitle "EU-chT"]
[Source "ChessBase"]
[SourceDate "1999.07.01"]
[SourceVersion "2"]
[SourceVersionDate "1999.07.01"]
[SourceQuality "1"]
[WhiteTeam "Israel"]
[BlackTeam "Italy"]
[WhiteTeamCountry "ISR"]
[BlackTeamCountry "ITA"]

1. e4 e6 2. d4 d5 3. Nd2 c5 4. exd5 Qxd5 5. Ngf3 cxd4 6. Bc4 Qd6 7. 0-0 Nf6 8. Nb3 Nc6 9. Re1 Be7 10. Nbxd4 Nxd4 11. Nxd4 0-0 12. c3 Bd7 13. Qf3 Rac8 14. Bf4 Qb6 15. Bb3 Bc6 16. Nxc6 Qxc6 17. Qxc6 Rxc6 18. Rad1 Rcc8 19. Rd3 Rfd8 20. Red1 Rxd3 21. Rxd3 Kf8 22. Kf1 Bc5 23. f3 Ke7 24. Ke2 a6 25. c4 Nh5 26. Bd2 Bd6 27. g3 Nf6 28. a3 Nd7 29. Ba2 Rc5 30. f4 Rc8 31. b4 b6 32. Bc3 g6 33. Re3 a5 34. bxa5 bxa5 35. Bxa5 Ra8 36. Bd2 Rxa3 37. Rxa3 Bxa3 38. g4 1/2-1/2

[Event "GMA Baleares op"]
[Site "Palma de Mallorca"]
[Date "1989.??.??"]
[Round "1"]
[White "Liberzon, Vladimir Mikhailovi"]
[Black "Tukmakov, Vladimir B"]
[Result "1-0"]
[WhiteElo "2480"]
[BlackElo "2565"]
[PlyCount "67"]
[EventDate "1989.12.??"]
[EventType "swiss"]
[EventRounds "9"]
[EventCountry "ESP"]
[SourceTitle "TD"]
[Source "ChessBase"]
[SourceDate "1994.03.01"]
[SourceVersion "1"]
[SourceVersionDate "1994.03.01"]
[SourceQuality "1"]

1. e4 c5 2. Nf3 d6 3. d4 cxd4 4. Nxd4 Nf6 5. Nc3 Nc6 6. Bg5 e6 7. Qd2 a6 8. 0-0-0 h6 9. Be3 Be7 10. f3 Bd7 11. g4 b5 12. h4 Ne5 13. Bd3 Qc7 14. g5 Nxd3+ 15. Qxd3 Nh5 16. gxh6 g6 17. a3 Rb8 18. Bg5 Bf8 19. Rhe1 Bxh6 20. Bxh6 Rxh6 21. Qd2 Rh7 22. Nb3 Rb6 23. f4 Qd8 24. Qf2 Nf6 25. e5 Ng4 26. Qg1 Rxh4 27. exd6 Nf6 28. Qd4 Bc6 29. Nc5 Nd7 30. Nxe6 Qf6 31. Nd5 Bxd5 32. Qxd5 Rh5 33. Ng7+ Kf8 34. Nxh5 1-0

[Event "EU-chT (Men) 09th"]
[Site "Haifa"]
[Date "1989.??.??"]
[Round "4.3"]
[White "Liberzon, Vladimir Mikhailovi"]
[Black "Vaganian, Rafael A"]
[Result "1/2-1/2"]
[WhiteElo "2480"]
[BlackElo "2585"]
[PlyCount "121"]
[EventDate "1989.11.23"]
[EventType "team-swiss"]
[EventRounds "9"]
[EventCountry "ISR"]
[SourceTitle "EU-chT"]
[Source "ChessBase"]
[SourceDate "1999.07.01"]
[SourceVersion "2"]
[SourceVersionDate "1999.07.01"]
[SourceQuality "1"]
[WhiteTeam "Israel"]
[BlackTeam "Soviet Union"]
[WhiteTeamCountry "ISR"]
[BlackTeamCountry "URS"]

1. e4 e6 2. d4 d5 3. Nc3 Bb4 4. e5 c5 5. a3 Ba5 6. b4 cxd4 7. Qg4 Ne7 8. Nb5 Bc7 9. Qxg7 Rg8 10. Qxh7 a6 11. Nxc7+ Qxc7 12. Ne2 Qxe5 13. Qd3 Nbc6 14. Bb2 Nf5 15. 0-0-0 Qf6 16. Nxd4 Nfxd4 17. Bxd4 e5 18. Bb2 Be6 19. Qd2 0-0-0 20. f4 Qxf4 21. Qxf4 exf4 22. Rd2 d4 23. Rf2 Rg4 24. h4 Bd5 25. Rh2 Rh8 26. h5 Rg5 27. h6 Rg4 28. Bd3 Be6 29. Be4 f6 30. Bxc6 bxc6 31. Bxd4 f3 32. Be3 fxg2 33. Rfxg2 f5 34. Rxg4 fxg4 35. Bf4 Bf5 36. Rh5 Rf8 37. Be5 Bh7 38. Rg5 Rf5 39. Rxf5 Bxf5 40. c4 Kd7 41. Kd2 Ke6 42. Bf4 Kf7 43. Ke3 Kg6 44. Kd4 g3 45. Ke5 g2 46. Be3 Bd3 47. c5 g1Q 48. Bxg1 Kxh6 49. a4 Bc2 50. b5 cxb5 51. c6 Kg6 52. a5 Bf5 53. Bc5 Bh3 54. c7 Kf7 55. Kd6 Ke8 56. Bb4 Bg4 57. Bc3 Bh3 58. Be5 b4 59. Kc6 Bg2+ 60. Kb6 Kd7 61. Kxa6 1/2-1/2

[Event "ISR-ch 24th"]
[Site "Israel"]
[Date "1988.05.09"]
[Round "14"]
[White "Liberzon, Vladimir Mikhailovi"]
[Black "Stepak, Yedael"]
[Result "1-0"]
[WhiteElo "2460"]
[BlackElo "2355"]
[PlyCount "55"]
[EventDate "1988.04.26"]
[EventType "tourn"]
[EventRounds "15"]
[EventCountry "ISR"]
[EventCategory "5"]
[SourceTitle "EXT 2000"]
[Source "ChessBase"]
[SourceDate "1999.11.16"]
[SourceVersion "1"]
[SourceVersionDate "1999.11.16"]
[SourceQuality "1"]

1. e4 c5 2. Nf3 e6 3. d4 cxd4 4. Nxd4 a6 5. Nc3 b5 6. Bd3 Bb7 7. 0-0 Ne7 8. Bg5 b4 9. Nce2 d5 10. e5 Qc7 11. f4 Nbc6 12. Kh1 Nxd4 13. Nxd4 Nc6 14. Nxc6 Bxc6 15. f5 exf5 16. Bxf5 Bc5 17. Qg4 h5 18. Qh3 Be7 19. Bg6 fxg6 20. Qe6 Qd7 21. Qxg6+ Kd8 22. Bxe7+ Kc8 23. Rf7 Ra7 24. Raf1 Bb5 25. Bxb4 Bxf1 26. Rxd7 Rxd7 27. Qc6+ Kd8 28. Qa8+ 1-0

[Event "ISR-ch 24th"]
[Site "Israel"]
[Date "1988.05.02"]
[Round "7"]
[White "Elyoseph, Harel"]
[Black "Liberzon, Vladimir Mikhailovi"]
[Result "1/2-1/2"]
[WhiteElo "2300"]
[BlackElo "2460"]
[PlyCount "82"]
[EventDate "1988.04.26"]
[EventType "tourn"]
[EventRounds "15"]
[EventCountry "ISR"]
[EventCategory "5"]
[SourceTitle "EXT 2000"]
[Source "ChessBase"]
[SourceDate "1999.11.16"]
[SourceVersion "1"]
[SourceVersionDate "1999.11.16"]
[SourceQuality "1"]

1. e4 c5 2. Nf3 e6 3. d4 cxd4 4. Nxd4 a6 5. Bd3 Nf6 6. 0-0 d6 7. c4 Be7 8. Nc3 0-0 9. b3 b6 10. Bb2 Bb7 11. Kh1 Nc6 12. Nxc6 Bxc6 13. Qe2 Nd7 14. Rae1 Bf6 15. f4 g6 16. Nd1 Nc5 17. Bb1 b5 18. Ne3 bxc4 19. Ng4 c3 20. Nxf6+ Qxf6 21. e5 dxe5 22. fxe5 Qg7 23. Ba3 Bb5 24. Qe3 Bxf1 25. Bxc5 Bb5 26. Bxf8 Qxf8 27. Qxc3 Rc8 28. Qg3 Qb4 29. Rd1 Qd2 30. Qe1 Qb2 31. h3 Rc5 32. Qh4 Qxe5 33. Bxg6 fxg6 34. Rd8+ Kg7 35. Qe7+ Kh6 36. Qf8+ Kg5 37. Qe7+ Kh6 38. Qf8+ Kh5 39. Qf3+ Kg5 40. Qg4+ Kh6 41. Qh4+ Kg7 1/2-1/2

[Event "Tel Aviv"]
[Site "Tel Aviv"]
[Date "1988.??.??"]
[Round "?"]
[White "Hodgson, Julian M"]
[Black "Liberzon, Vladimir Mikhailovi"]
[Result "1/2-1/2"]
[WhiteElo "2480"]
[BlackElo "2460"]
[PlyCount "80"]
[EventDate "1988.03.??"]
[EventType "tourn"]
[EventRounds "13"]
[EventCountry "ISR"]
[EventCategory "8"]
[SourceTitle "CBM 007"]
[Source "ChessBase"]
[SourceDate "1988.12.01"]
[SourceVersion "1"]
[SourceVersionDate "1988.12.01"]
[SourceQuality "1"]

1. d4 Nf6 2. Bg5 d5 3. Bxf6 exf6 4. e3 Bd6 5. c4 dxc4 6. Bxc4 Nd7 7. Nc3 0-0 8. Nf3 f5 9. 0-0 Nf6 10. Qb3 a6 11. a4 Qe7 12. Nd5 Nxd5 13. Bxd5 c6 14. Bc4 Rb8 15. a5 Kh8 16. Rfd1 f6 17. g3 Bd7 18. Ne1 Be8 19. Nd3 Bh5 20. Rd2 Rfe8 21. Qc3 Bf3 22. b4 h5 23. Nc5 h4 24. Bf1 Qf7 25. Qd3 Qh5 26. Bg2 Bxg2 27. Kxg2 Re7 28. Qe2 Qg5 29. Qf3 Rbe8 30. Ra3 g6 31. Rb3 hxg3 32. hxg3 Qg4 33. d5 Bxc5 34. bxc5 Qc4 35. Rb6 Qxc5 36. dxc6 Qxa5 37. Rdb2 bxc6 38. Rxc6 Rf7 39. Rbb6 Kg7 40. Rxa6 Qe5 1/2-1/2

[Event "Tel Aviv"]
[Site "Tel Aviv"]
[Date "1988.??.??"]
[Round "?"]
[White "Liberzon, Vladimir Mikhailovi"]
[Black "Lahav, Ehud"]
[Result "1-0"]
[WhiteElo "2460"]
[BlackElo "2340"]
[PlyCount "72"]
[EventDate "1988.03.??"]
[EventType "tourn"]
[EventRounds "13"]
[EventCountry "ISR"]
[EventCategory "8"]
[SourceTitle "CBM 007"]
[Source "ChessBase"]
[SourceDate "1988.12.01"]
[SourceVersion "1"]
[SourceVersionDate "1988.12.01"]
[SourceQuality "1"]

1. e4 c5 2. Nf3 d6 3. d4 cxd4 4. Nxd4 Nf6 5. Nc3 g6 6. Be2 Bg7 7. 0-0 Nc6 8. Nb3 0-0 9. Bg5 Be6 10. f4 b5 11. Bf3 Rc8 12. Kh1 h6 13. Bh4 b4 14. Nd5 Nh7 15. Rb1 a5 16. Bf2 a4 17. Nc1 Bxd5 18. exd5 Na5 19. Nd3 Nc4 20. Qe2 Re8 21. Nxb4 Nxb2 22. Nc6 Qd7 23. Bg4 f5 24. Bf3 Nf8 25. Bd4 Bxd4 26. Nxd4 a3 27. g4 Qa4 28. Nc6 e6 29. Qg2 Kh7 30. Rbe1 fxg4 31. Bxg4 Qc4 32. Rg1 Qxd5 33. Qxd5 exd5 34. Bxc8 Rxc8 35. Re7+ Kg8 36. Nd4 Rc4 1-0

[Event "Berliner Sommer 05th"]
[Site "Berlin West"]
[Date "1987.??.??"]
[Round "?"]
[White "Liberzon, Vladimir Mikhailovi"]
[Black "Ostojic, Predrag"]
[Result "1/2-1/2"]
[WhiteElo "2455"]
[BlackElo "2385"]
[PlyCount "175"]
[EventDate "1987.08.08"]
[EventType "swiss"]
[EventRounds "9"]
[EventCountry "GER"]
[SourceTitle "EXT 1998"]
[Source "ChessBase"]
[SourceDate "1997.11.17"]
[SourceVersion "1"]
[SourceVersionDate "1997.11.17"]
[SourceQuality "1"]

1. e4 c5 2. Nf3 d6 3. d4 cxd4 4. Nxd4 Nf6 5. Nc3 Nc6 6. Bg5 a6 7. Qd2 Nxd4 8. Qxd4 e5 9. Qd3 Be6 10. Be2 Rc8 11. 0-0 Be7 12. Rfd1 Rc6 13. Be3 Qc8 14. Rac1 0-0 15. Bf3 b5 16. Qd2 Rc4 17. Nd5 Nxd5 18. exd5 Bd7 19. Be2 Rc7 20. c3 Qb7 21. b3 Rb8 22. c4 bxc4 23. bxc4 Rcc8 24. c5 dxc5 25. d6 Bd8 26. Rxc5 Rxc5 27. Bxc5 Be6 28. a3 a5 29. h3 Qc6 30. Be3 Qa4 31. Ra1 f5 32. f3 Bf6 33. Bd1 Qb5 34. Rc1 Rd8 35. Rc5 Qa6 36. Rxa5 Qxd6 37. Qxd6 Rxd6 38. Be2 f4 39. Bc5 Rd2 40. Kf1 Bh4 41. Ra6 Kf7 42. Ra7+ Kg6 43. Ra6 Kf5 44. Rd6 Bd5 45. Bb4 Be7 46. Rxd5 Rxd5 47. Bxe7 Rd7 48. Bb4 e4 49. fxe4+ Kxe4 50. Kf2 Kd4 51. Bg4 Rc7 52. Kf3 g5 53. Bh5 Rc8 54. Bf7 h6 55. Bg6 Ke5 56. Kg4 Rc1 57. Bd2 Rc4 58. Bd3 Rc6 59. Kh5 Kd4 60. Bf5 Rc5 61. Kg4 Re5 62. Bc1 Kc3 63. a4 Kb3 64. Bd7 Re2 65. Kf3 Rc2 66. Bxf4 gxf4 67. h4 Kb4 68. Bh3 Rc4 69. Bd7 Rd4 70. Bb5 Kc5 71. Kg4 f3+ 72. Kxf3 Rxh4 73. g4 Rh2 74. Kf4 Rf2+ 75. Ke5 Rf7 76. Ke4 Kd6 77. Bd3 Ke7 78. a5 Kf6 79. a6 Kg5 80. Kd5 Rd7+ 81. Kc4 Rd6 82. Kc3 Kf4 83. Bb5 Rd8 84. Kc4 Rc8+ 85. Kd5 Rc1 86. Bc6 Ra1 87. Bb7 Kxg4 88. Kc6 1/2-1/2

[Event "Berliner Sommer 05th"]
[Site "Berlin West"]
[Date "1987.??.??"]
[Round "?"]
[White "Liberzon, Vladimir Mikhailovi"]
[Black "Rechlis, Gad"]
[Result "0-1"]
[WhiteElo "2455"]
[BlackElo "2450"]
[PlyCount "54"]
[EventDate "1987.08.08"]
[EventType "swiss"]
[EventRounds "9"]
[EventCountry "GER"]
[SourceTitle "EXT 1998"]
[Source "ChessBase"]
[SourceDate "1997.11.17"]
[SourceVersion "1"]
[SourceVersionDate "1997.11.17"]
[SourceQuality "1"]

1. e4 c5 2. Nf3 Nc6 3. d4 cxd4 4. Nxd4 g6 5. Nc3 Bg7 6. Be3 Nf6 7. Nb3 0-0 8. Be2 d6 9. f4 Be6 10. 0-0 Qc8 11. h3 Rd8 12. Bf3 Bc4 13. Rf2 e5 14. Rd2 Qe6 15. Kh1 h6 16. fxe5 Nxe5 17. Nd4 Qe7 18. Qg1 d5 19. b3 dxe4 20. Bxe4 Rac8 21. bxc4 Nxc4 22. Re1 Nxe4 23. Nxe4 Qxe4 24. Bxh6 Qh4 25. Bxg7 Nxd2 26. Re2 Ne4 27. Be5 Rxd4 0-1

[Event "Berliner Sommer 05th"]
[Site "Berlin West"]
[Date "1987.??.??"]
[Round "?"]
[White "Liberzon, Vladimir Mikhailovi"]
[Black "Szell, Lajos"]
[Result "1-0"]
[WhiteElo "2455"]
[BlackElo "2365"]
[PlyCount "67"]
[EventDate "1987.08.08"]
[EventType "swiss"]
[EventRounds "9"]
[EventCountry "GER"]
[SourceTitle "EXT 1998"]
[Source "ChessBase"]
[SourceDate "1997.11.17"]
[SourceVersion "1"]
[SourceVersionDate "1997.11.17"]
[SourceQuality "1"]

1. e4 e5 2. Nf3 Nc6 3. Bb5 f5 4. Nc3 fxe4 5. Nxe4 Nf6 6. Qe2 d5 7. Ng3 Bd6 8. Nxe5 0-0 9. Bxc6 bxc6 10. 0-0 Re8 11. d4 Ng4 12. Bf4 Nxh2 13. Rfe1 Bxe5 14. Bxe5 Ng4 15. Bxc7 Rxe2 16. Bxd8 Rxf2 17. Re8+ Rf8 18. Rae1 Bd7 19. Rxf8+ Kxf8 20. Be7+ Kf7 21. Bc5 Re8 22. Rxe8 Kxe8 23. Bxa7 Ne3 24. Bc5 Nxc2 25. Kf2 Bg4 26. Nf1 Kd7 27. Nh2 Bf5 28. Nf3 Kc7 29. Ke2 Na1 30. Kd2 Bb1 31. Kc3 g5 32. b4 g4 33. Ne1 Be4 34. Be7 1-0

[Event "Holon op"]
[Site "Holon"]
[Date "1986.??.??"]
[Round "?"]
[White "Liberzon, Vladimir Mikhailovi"]
[Black "Stepak, Yedael"]
[Result "1-0"]
[WhiteElo "2450"]
[BlackElo "2300"]
[PlyCount "75"]
[EventDate "1986.12.??"]
[EventType "swiss"]
[EventRounds "9"]
[EventCountry "ISR"]
[SourceTitle "EXT 1997"]
[Source "ChessBase"]
[SourceDate "1996.11.15"]
[SourceVersion "1"]
[SourceVersionDate "1996.11.15"]
[SourceQuality "1"]

1. e4 g6 2. d4 Bg7 3. Nc3 d6 4. Be2 c6 5. Nf3 b5 6. 0-0 b4 7. Nb1 Nf6 8. Nbd2 0-0 9. a3 bxa3 10. Rxa3 a5 11. b3 Nfd7 12. Bb2 Ba6 13. Bxa6 Nxa6 14. Nc4 Nb4 15. c3 d5 16. exd5 Nxd5 17. Qa1 N7b6 18. Nxa5 Qd7 19. Qc1 Rfc8 20. c4 Nb4 21. Qd2 c5 22. Bc3 Na6 23. dxc5 Bxc3 24. Qxc3 Nxc5 25. Rfa1 Rd8 26. h3 Rac8 27. Qe3 Qc7 28. Ne5 Rd6 29. b4 Ncd7 30. c5 Re6 31. cxb6 Nxb6 32. f4 Nd5 33. Qd4 Nxf4 34. Qxf4 Rxe5 35. Qf2 Rf5 36. Qd4 Rd8 37. Qe3 Re5 38. Qc3 1-0

[Event "Beersheba"]
[Site "Beersheba"]
[Date "1984.??.??"]
[Round "4"]
[White "Greenfeld, Alon"]
[Black "Liberzon, Vladimir Mikhailovi"]
[Result "1/2-1/2"]
[WhiteElo "2470"]
[BlackElo "2455"]
[PlyCount "99"]
[EventDate "1984.??.??"]
[EventType "tourn"]
[EventRounds "13"]
[EventCountry "ISR"]
[EventCategory "9"]
[SourceTitle "MCL"]
[Source "ChessBase"]
[SourceDate "1999.07.01"]
[SourceVersion "1"]
[SourceVersionDate "1999.07.01"]
[SourceQuality "1"]

1. Nf3 Nf6 2. c4 e6 3. g3 d5 4. Bg2 Be7 5. d4 0-0 6. 0-0 Nbd7 7. Qc2 c6 8. b3 b6 9. Nbd2 Bb7 10. e4 c5 11. exd5 exd5 12. Bb2 Rc8 13. dxc5 Bxc5 14. Rad1 Qc7 15. Bh3 Rcd8 16. Rfe1 Rfe8 17. Qc3 Bf8 18. cxd5 Qxc3 19. Bxc3 Rxe1+ 20. Rxe1 Nxd5 21. Bd4 Nb4 22. Bf5 Nc5 23. a3 Nc6 24. Bxc5 Bxc5 25. b4 Bd6 26. Nc4 Bf8 27. Be4 b5 28. Nce5 Nxe5 29. Nxe5 Bxe4 30. Rxe4 Rd6 31. Re3 f6 32. Nd3 Kf7 33. Kg2 Rd4 34. Kf3 Bd6 35. Nc1 Be5 36. Nd3 Bd6 37. Nc1 Rc4 38. Nb3 Be5 39. Rd3 Ke7 40. Nc5 Rc3 41. Ke4 Rxd3 42. Nxd3 Ke6 43. Nxe5 fxe5 44. h3 g6 45. h4 Kd6 46. f4 exf4 47. Kxf4 h6 48. h5 gxh5 49. Kf5 Kd5 50. Kg6 1/2-1/2

[Event "Beersheba"]
[Site "Beersheba"]
[Date "1984.??.??"]
[Round "9"]
[White "Liberzon, Vladimir Mikhailovi"]
[Black "Murey, Jacob"]
[Result "0-1"]
[WhiteElo "2455"]
[BlackElo "2500"]
[PlyCount "84"]
[EventDate "1984.??.??"]
[EventType "tourn"]
[EventRounds "13"]
[EventCountry "ISR"]
[EventCategory "9"]
[SourceTitle "MCL"]
[Source "ChessBase"]
[SourceDate "1999.07.01"]
[SourceVersion "1"]
[SourceVersionDate "1999.07.01"]
[SourceQuality "1"]

1. e4 d6 2. d4 Nf6 3. Nc3 g6 4. Be2 Bg7 5. Nf3 0-0 6. 0-0 Bg4 7. Be3 Nc6 8. Qd2 e5 9. d5 Ne7 10. Rad1 b5 11. a3 Bd7 12. Bg5 Qe8 13. Qd3 a6 14. Nd2 h6 15. Be3 Ng4 16. Bxg4 Bxg4 17. f3 Bd7 18. Rde1 Qb8 19. b4 c6 20. dxc6 Bxc6 21. Nb3 Qc7 22. Qd2 Bd7 23. Rc1 Kh7 24. Rfd1 Be6 25. Nd5 Bxd5 26. exd5 Rac8 27. c3 f5 28. Na5 e4 29. fxe4 Bxc3 30. Qe2 Qd7 31. Bxh6 Kxh6 32. Rxc3 Rxc3 33. Qd2+ Kh7 34. Qxc3 fxe4 35. Nc6 Qf5 36. Qh3+ Qxh3 37. gxh3 Nf5 38. Kf2 Kg7 39. a4 bxa4 40. Ra1 Nd4+ 41. Kg3 Ne2+ 42. Kg2 e3 0-1

[Event "Beersheba"]
[Site "Beersheba"]
[Date "1984.??.??"]
[Round "7"]
[White "Liberzon, Vladimir Mikhailovi"]
[Black "Shvidler, Eliahu"]
[Result "1-0"]
[WhiteElo "2455"]
[BlackElo "2445"]
[PlyCount "83"]
[EventDate "1984.??.??"]
[EventType "tourn"]
[EventRounds "13"]
[EventCountry "ISR"]
[EventCategory "9"]
[SourceTitle "MCL"]
[Source "ChessBase"]
[SourceDate "1999.07.01"]
[SourceVersion "1"]
[SourceVersionDate "1999.07.01"]
[SourceQuality "1"]

1. e4 e5 2. Nf3 Nc6 3. Bb5 a6 4. Ba4 Nf6 5. 0-0 Be7 6. Re1 b5 7. Bb3 d6 8. c3 0-0 9. h3 Bb7 10. d4 Re8 11. Nbd2 Bf8 12. Bc2 Nb8 13. b3 Nbd7 14. d5 c6 15. c4 a5 16. Nf1 g6 17. Be3 Qc7 18. Rc1 bxc4 19. bxc4 Reb8 20. Ng3 Ba6 21. Ba4 c5 22. Bc6 Ra7 23. Nd2 Rb6 24. Ne2 Rxc6 25. dxc6 Qxc6 26. Nc3 Nb6 27. a4 Ra8 28. Nb5 Bb7 29. f3 Bc8 30. Bg5 Ne8 31. Nf1 Ng7 32. Bh6 Be6 33. Ne3 Be7 34. Re2 f5 35. Nd5 Bxd5 36. cxd5 Qd7 37. Bxg7 Kxg7 38. Rb1 Rf8 39. Nc3 Bd8 40. Rb5 fxe4 41. Nxe4 Nc8 42. Reb2 1-0